| 000 | 00419nam a2200157Ia 4500 | ||
|---|---|---|---|
| 008 | 210716s2009 xx 000 0 und d | ||
| 020 | _a9780070080560 | ||
| 041 | _aeng | ||
| 082 | _a338.5 BERB | ||
| 100 | _aBernheim, B Douglas;Whinston, Michael D. | ||
| 245 | _aMicroeconomics. | ||
| 250 | _a1 | ||
| 260 |
_aNew Delhi _bTata McGraw Hill Education Private Limited _c2009 |
||
| 300 | _axx,801 | ||
| 650 | _aEconomics | ||
| 999 |
_c202732 _d202732 |
||